| 000 | 00582nam a22002057a 4500 | ||
|---|---|---|---|
| 003 | OSt | ||
| 005 | 20140310182945.0 | ||
| 008 | 130205t xxu||||| |||| 00| 0 eng d | ||
| 020 | _a9711011476 | ||
| 050 |
_aDS 675.8 _b.T829 2006 |
||
| 082 |
_aFIL 920 _bT831 2006 |
||
| 245 |
_aRizal and heroic traditions _ba sense of national destiny _cTrillana, III, Pablo S. |
||
| 260 |
_aQuezon City _bNew Day Publishers _cc2006 |
||
| 300 |
_a192 p. _c23 cm. _bill. |
||
| 521 | _acollege students | ||
| 526 | _c1210L-1700L | ||
| 541 | _j1 | ||
| 562 | _e1 | ||
| 942 |
_2lcc _cBK _kFIL |
||
| 999 |
_c17791 _d17791 |
||